Fundamentals of database systems (Record no. 138959)
[ view plain ]
| 000 -LEADER | |
|---|---|
| fixed length control field | 00372nam a2200145Ia 4500 |
| 008 - FIXED-LENGTH DATA ELEMENTS--GENERAL INFORMATION | |
| fixed length control field | 230917s9999||||xx |||||||||||||| ||und|| |
| 040 ## - CATALOGING SOURCE | |
| -- | 127983 |
| Original cataloging agency | VIVEKANANDA LIBRARY |
| 041 ## - Language | |
| -- | English |
| 082 ## - DDC NUMBER | |
| Classification number | 005.74 E61F |
| 100 ## - MAIN ENTRY--PERSONAL NAME | |
| Personal name | Elmasri, Ramez etc. |
| 245 #0 - TITLE STATEMENT | |
| Title | Fundamentals of database systems |
| 260 ## - PUBLICATION, DISTRIBUTION, ETC. (IMPRINT) | |
| Place of publication, distribution, etc | India |
| Name of publisher, distributor, etc | Dorling Kindersley |
| Date of publication, distribution, etc | 2006 |
| 300 ## - PHYSICAL DESCRIPTION | |
| Pages | xxxi, 798 p. |
| 942 ## - ADDED ENTRY ELEMENTS (KOHA) | |
| Koha item type | Books |
| Withdrawn status | Lost status | Damaged status | Not for loan | Location (home branch) | Sublocation or collection (holding branch) | Shelving location | Date acquired | Koha issues (times borrowed) | Koha full call number | Accession No. | Koha date last seen | Koha item type |
|---|---|---|---|---|---|---|---|---|---|---|---|---|
| VIVEKANANDA LIBRARY | VIVEKANANDA LIBRARY | IMSAR Library | 27/01/2010 | 005.74 E61F | 241829 | 17/09/2023 | Books | |||||
| VIVEKANANDA LIBRARY | VIVEKANANDA LIBRARY | UIET Library | 27/01/2010 | 1 | 005.74 E61F | 245551 | 14/10/2023 | Books | ||||
| VIVEKANANDA LIBRARY | VIVEKANANDA LIBRARY | UIET Library | 27/01/2010 | 005.74 E61F | 245552 | 17/09/2023 | Books | |||||
| VIVEKANANDA LIBRARY | VIVEKANANDA LIBRARY | UIET Library | 27/01/2010 | 1 | 005.74 E61F | 245553 | 12/09/2024 | Books | ||||
| VIVEKANANDA LIBRARY | VIVEKANANDA LIBRARY | UIET Library | 27/01/2010 | 2 | 005.74 E61F | 245554 | 09/09/2025 | Books | ||||
| VIVEKANANDA LIBRARY | VIVEKANANDA LIBRARY | UIET Library | 27/01/2010 | 005.74 E61F | 245555 | 17/09/2023 | Books | |||||
| VIVEKANANDA LIBRARY | VIVEKANANDA LIBRARY | UIET Library | 27/01/2010 | 005.74 E61F | 245556 | 17/09/2023 | Books | |||||
| VIVEKANANDA LIBRARY | VIVEKANANDA LIBRARY | UIET Library | 27/01/2010 | 005.74 E61F | 245557 | 17/09/2023 | Books | |||||
| VIVEKANANDA LIBRARY | VIVEKANANDA LIBRARY | UIET Library | 27/01/2010 | 3 | 005.74 E61F | 245558 | 20/11/2025 | Books | ||||
| VIVEKANANDA LIBRARY | VIVEKANANDA LIBRARY | UIET Library | 27/01/2010 | 1 | 005.74 E61F | 245559 | 11/09/2025 | Books | ||||
| VIVEKANANDA LIBRARY | VIVEKANANDA LIBRARY | UIET Library | 27/01/2010 | 2 | 005.74 E61F | 245560 | 06/02/2025 | Books | ||||
| VIVEKANANDA LIBRARY | VIVEKANANDA LIBRARY | UIET Library | 27/01/2010 | 4 | 005.74 E61F | 245561 | 06/10/2025 | Books | ||||
| VIVEKANANDA LIBRARY | VIVEKANANDA LIBRARY | UIET Library | 27/01/2010 | 2 | 005.74 E61F | 245562 | 28/08/2025 | Books | ||||
| VIVEKANANDA LIBRARY | VIVEKANANDA LIBRARY | UIET Library | 27/01/2010 | 1 | 005.74 E61F | 245563 | 01/12/2023 | Books | ||||
| VIVEKANANDA LIBRARY | VIVEKANANDA LIBRARY | 27/01/2010 | 2 | 005.74 E61F | 312956 | 03/03/2025 | Books |
